5HLuxD.jpg

KING HENRY VIII SENIOR AND PRIMARY SCHOOL LIBRARY OPAC

TV Star / (Record no. 2039)

000 -LEADER
fixed length control field 03240cam a2200733 i 4500
001 - CONTROL NUMBER
control field 20917535
003 - CONTROL NUMBER IDENTIFIER
control field OSt
005 - DATE AND TIME OF LATEST TRANSACTION
control field 20230302150715.0
007 - PHYSICAL DESCRIPTION FIXED FIELD--GENERAL INFORMATION
fixed length control field ta
008 - FIXED-LENGTH DATA ELEMENTS--GENERAL INFORMATION
fixed length control field 190404s2014 enka j 000 1 eng d
010 ## - LIBRARY OF CONGRESS CONTROL NUMBER
LC control number 2018287714
015 ## - NATIONAL BIBLIOGRAPHY NUMBER
National bibliography number GBB438873
Source bnb
016 7# - NATIONAL BIBLIOGRAPHIC AGENCY CONTROL NUMBER
Record control number 016683857
Source Uk
020 ## - INTERNATIONAL STANDARD BOOK NUMBER
International Standard Book Number 9781471145537
Qualifying information (paperback)
035 ## - SYSTEM CONTROL NUMBER
System control number (OCoLC)ocn876289824
040 ## - CATALOGING SOURCE
Original cataloging agency UKMGB
Language of cataloging eng
Transcribing agency UKMGB
Description conventions rda
Modifying agency AUMCS
-- OCLCQ
-- OCLCO
-- AU@
-- CNGUL
-- NZIPP
-- NZASP
-- IHI
-- NZ1
-- OCLCF
-- OCL
-- AUPTL
-- UKMGB
-- NZBAL
-- OCLCO
-- AZZPT
-- OCLCO
-- DLC
-- KH8
042 ## - AUTHENTICATION CODE
Authentication code lccopycat
082 04 - DEWEY DECIMAL CLASSIFICATION NUMBER
Classification number FIC RUS
Edition number 23
100 1# - MAIN ENTRY--PERSONAL NAME
Personal name Russell, Rachel Renée,
Relator term author.
245 10 - TITLE STATEMENT
Title TV Star /
Statement of responsibility, etc. Rachel Renée Russell ; with Nikki Russell and Erin Russell.
264 #1 - PRODUCTION, PUBLICATION, DISTRIBUTION, MANUFACTURE, AND COPYRIGHT NOTICE
Place of production, publication, distribution, manufacture London :
Name of producer, publisher, distributor, manufacturer Simon & Schuster,
Date of production, publication, distribution, manufacture, or copyright notice 2014.
300 ## - PHYSICAL DESCRIPTION
Extent 320 pages :
Other physical details illustrations ;
Dimensions 20 cm.
336 ## - CONTENT TYPE
Content type term text
Content type code txt
Source rdacontent
337 ## - MEDIA TYPE
Media type term unmediated
Media type code n
Source rdamedia
338 ## - CARRIER TYPE
Carrier type term volume
Carrier type code nc
Source rdacarrier
490 1# - SERIES STATEMENT
Series statement Dork diaries
500 ## - GENERAL NOTE
General note "Tales from a not-so-fabulous life"--Cover.
500 ## - GENERAL NOTE
General note Originally published as Dork diaries: Tales from a not-so-glam TV star : New York : Aladdin 2014.
520 ## - SUMMARY, ETC.
Summary, etc. "Nikki is in the spotlight. A reality TV crew will follow her and her friends for the whole month of March as they record their hit song together. But will the excitement also cause unexpected problems, now that cameras are everywhere Nikki and her friends go?"--
Assigning source Provided by publisher.
600 10 - SUBJECT ADDED ENTRY--PERSONAL NAME
Personal name Maxwell, Nikki J.
Form subdivision Juvenile fiction.
600 17 - SUBJECT ADDED ENTRY--PERSONAL NAME
Personal name Maxwell, Nikki J.
Source of heading or term fast
Authority record control number or standard number (OCoLC)fst02000848
650 #0 - SUBJECT ADDED ENTRY--TOPICAL TERM
Topical term or geographic name entry element Reality television programs
Form subdivision Juvenile fiction.
650 #0 - SUBJECT ADDED ENTRY--TOPICAL TERM
Topical term or geographic name entry element Sound recordings
General subdivision Production and direction
Form subdivision Juvenile fiction.
650 #0 - SUBJECT ADDED ENTRY--TOPICAL TERM
Topical term or geographic name entry element Bands (Music)
Form subdivision Juvenile fiction.
650 #0 - SUBJECT ADDED ENTRY--TOPICAL TERM
Topical term or geographic name entry element Singers
Form subdivision Juvenile fiction.
650 #0 - SUBJECT ADDED ENTRY--TOPICAL TERM
Topical term or geographic name entry element Friendship
Form subdivision Juvenile fiction.
650 #0 - SUBJECT ADDED ENTRY--TOPICAL TERM
Topical term or geographic name entry element Diaries
Form subdivision Juvenile fiction.
650 #1 - SUBJECT ADDED ENTRY--TOPICAL TERM
Topical term or geographic name entry element Diaries
Form subdivision Fiction.
650 #1 - SUBJECT ADDED ENTRY--TOPICAL TERM
Topical term or geographic name entry element Humorous stories.
650 #4 - SUBJECT ADDED ENTRY--TOPICAL TERM
Topical term or geographic name entry element Maxwell, Nikki (Fictitious character) - Juvenile fiction.
650 #4 - SUBJECT ADDED ENTRY--TOPICAL TERM
Topical term or geographic name entry element Singers - Juvenile fiction.
650 #4 - SUBJECT ADDED ENTRY--TOPICAL TERM
Topical term or geographic name entry element Diary fiction - Juvenile fiction.
650 #7 - SUBJECT ADDED ENTRY--TOPICAL TERM
Topical term or geographic name entry element Bands (Music)
Source of heading or term fast
Authority record control number or standard number (OCoLC)fst00826500
650 #7 - SUBJECT ADDED ENTRY--TOPICAL TERM
Topical term or geographic name entry element Diaries.
Source of heading or term fast
Authority record control number or standard number (OCoLC)fst00892657
650 #7 - SUBJECT ADDED ENTRY--TOPICAL TERM
Topical term or geographic name entry element Friendship.
Source of heading or term fast
Authority record control number or standard number (OCoLC)fst00935174
650 #7 - SUBJECT ADDED ENTRY--TOPICAL TERM
Topical term or geographic name entry element Reality television programs.
Source of heading or term fast
Authority record control number or standard number (OCoLC)fst01091252
650 #7 - SUBJECT ADDED ENTRY--TOPICAL TERM
Topical term or geographic name entry element Singers.
Source of heading or term fast
Authority record control number or standard number (OCoLC)fst01119301
650 #7 - SUBJECT ADDED ENTRY--TOPICAL TERM
Topical term or geographic name entry element Sound recordings
General subdivision Production and direction.
Source of heading or term fast
Authority record control number or standard number (OCoLC)fst01127057
655 #0 - INDEX TERM--GENRE/FORM
Genre/form data or focus term Children's stories.
655 #4 - INDEX TERM--GENRE/FORM
Genre/form data or focus term Humerous stories.
655 #4 - INDEX TERM--GENRE/FORM
Genre/form data or focus term Diary fiction.
655 #7 - INDEX TERM--GENRE/FORM
Genre/form data or focus term Diary fiction.
Source of term fast
Authority record control number or standard number (OCoLC)fst01726582
655 #7 - INDEX TERM--GENRE/FORM
Genre/form data or focus term Fiction.
Source of term fast
Authority record control number or standard number (OCoLC)fst01423787
655 #7 - INDEX TERM--GENRE/FORM
Genre/form data or focus term Juvenile works.
Source of term fast
Authority record control number or standard number (OCoLC)fst01411637
655 #7 - INDEX TERM--GENRE/FORM
Genre/form data or focus term Humorous fiction.
Source of term lcgft
655 #7 - INDEX TERM--GENRE/FORM
Genre/form data or focus term Diary fiction.
Source of term lcgft
700 1# - ADDED ENTRY--PERSONAL NAME
Personal name Russell, Nikki,
Relator term author.
700 1# - ADDED ENTRY--PERSONAL NAME
Personal name Russell, Erin,
Relator term author.
700 12 - ADDED ENTRY--PERSONAL NAME
Personal name Russell, Rachel Renée.
Title of a work Tales from a not-so-glam TV star.
Relationship information container of (work):
800 1# - SERIES ADDED ENTRY--PERSONAL NAME
Personal name Russell, Rachel Renée.
Title of a work Dork diaries ;
Volume/sequential designation bk. 7.
906 ## - LOCAL DATA ELEMENT F, LDF (RLIN)
a 7
b cbc
c copycat
d 2
e ncip
f 20
g y-gencatlg
942 ## - ADDED ENTRY ELEMENTS (KOHA)
Source of classification or shelving scheme
Koha item type Books - Fiction
Holdings
Withdrawn status Lost status Source of classification or shelving scheme Damaged status Not for loan Collection code Permanent Location Current Location Shelving location Date acquired Total Checkouts Full call number Barcode Date last seen Date last checked out Price effective from Koha item type
          Fiction KH8 Primary School Library KH8 Primary School Library Fiction 2023-03-02 18 FIC RUS KHPL000003752 2025-12-05 2025-11-24 2023-03-02 Books - Fiction
          Fiction KH8 Primary School Library KH8 Primary School Library Fiction 2023-03-02 14 FIC RUS KHPL000003753 2025-12-05 2025-09-22 2023-03-02 Books - Fiction

Powered By KH8 IT Dept